000 00379 a2200133 4500
001 92528
082 _aPR 2563
090 _c44501
_d44502
100 _aMuhammad Khalid Awan, Dr. Shuaib Salamat (Advisor)
245 _aDesign Analysis and Simulation of a Rocket Propulsion System
_n79 "A" EC
260 _aIslamabad
_bNUST
_c2015
300 _a73p.
500 _aBE Project Report
942 _aCAE NUST
_kPR 2563
999 _c327601
_d327601